00467nam a2200181 a 450000100060000000300090000600800410001502000150005604000280007108200090009910000200010824500370012826000460016530000110021149000250022265000160024765000220026317469CO-ViMGA141112s2004 ck r 000 u spa d a8477224307 aCO-ViMGAbspacCO-ViMGA04aCASn1 aBalanya, Ismael10aEl caso de la nieta de Drácula aBarcelona (España), cTimun Mas, c1990 a117.p. aResuelve el misterio14aADIVINANZAS14aJUEGOS INFANTILES